|
|
|
|
| LEADER |
00000nab a2200000 a 4500 |
| 001 |
vtls010730476 |
| 003 |
SK-MaSNL |
| 005 |
20260304194758.0 |
| 008 |
250709|2008 xo |||||||||||||||||slo |
| 015 |
|
|
|a SNBRB
|
| 035 |
|
|
|a (urnnbn)urn:nbn:sk:snk:ar-a05785
|
| 035 |
|
|
|a urn:nbn:sk:snk-abf7kl
|
| 035 |
|
|
|a (uuid)8830fa56-bf71-46b4-aacb-8280844ad1bb
|
| 040 |
|
|
|a SNKBUCL
|b slo
|c SNKBUCL
|e AACR2
|
| 041 |
0 |
|
|a slo
|
| 044 |
|
|
|a xo
|c SK
|
| 100 |
1 |
|
|a Buchanec, Ján,
|d 1936-
|4 aut
|9 124801
|
| 245 |
1 |
0 |
|a Enuréza a inkontinencia moču u detí
|c J. Buchanec, J. Pilárová, M. Brndiarová
|
| 700 |
1 |
|
|a Pilárová, J.
|4 aut
|9 1529273
|
| 700 |
1 |
|
|a Brndiarová, Miroslava,
|d 1982-
|4 aut
|9 200594
|
| 773 |
0 |
|
|t Slovenský lekár
|g Roč. 18 (32), č. 7-8 (2008), s. 162-165
|
| 850 |
|
|
|a Slovenská národná knižnica
|
| 852 |
|
|
|a Slovenská národná knižnica
|
| 954 |
|
|
|a odborná, vedecká literatúra pôvodná (slovenská)
|2 lita
|
| 958 |
|
|
|a article24
|
| 958 |
|
|
|a OND
|
| 958 |
|
|
|a EUIPO
|
| 999 |
|
|
|c 3076721
|d 3078651
|